Mauvaises Couleurs de Drapeaux - Statistiques

Statistiques générales
  • Ce quiz a été pris 95 fois
  • Le résultat moyen est 6 sur 9
Statistiques - réponses
Par images Réponse % Correct
Etats-Unis
96%
Irak
87%
Algérie
78%
Egypte
77%
Mauritanie
70%
Kiribati
59%
Cuba
57%
Maurice
37%
Sao Tomé-et-Principe
27%
Aucun quiz correspondant
Distribution des résultats
% des personnes avec chaque résultat
Percentile par nombre de réponses
Votre historique - résultats
Vous n’avez pas pris ce quiz